[Event "FIDE World Cup Women 2021"]
[Site "Krasnaya Polyana RUS"]
[Date "2021.07.12"]
[Round "1.1"]
[White "Miranda Llanes, Yerisbel"]
[Black "Assaubayeva, Bibisara"]
[Result "0-1"]
[WhiteTitle "WIM"]
[BlackTitle "IM"]
[WhiteElo "2262"]
[BlackElo "2389"]
[WhiteFideId "3507700"]
[BlackFideId "13708694"]
[EventDate "2021.07.12"]
[EventType "k.o."]

1. d4 d6 2. c4 e5 3. Nc3 exd4 4. Qxd4 Nc6 5. Qd2 g6 6. e4 Bh6 7. Qc2 Bg7 8. Bd3
Nge7 9. Nge2 O-O 10. O-O Nb4 11. Qd2 Nxd3 12. Qxd3 Nc6 13. b3 f5 14. exf5 Bxf5
15. Qd5+ Kh8 16. Be3 Qh4 17. Qd2 h6 18. Rad1 Ne5 19. Nd4 Bd7 20. f3 Rf7 21. Nd5
c6 22. Nc7 Rc8 23. Nce6 c5 24. Nxg7 cxd4 25. Bxd4 Rxg7 26. f4 Nf7 27. Qb2 Rg8
28. Rde1 Kh7 29. Bf6 Qg4 30. Re7 h5 31. Bxg7 Rxg7 32. Qf6 Bc6 33. g3 Qf5 34. Qd4
h4 35. Qf2 Nh6 36. Rxg7+ Kxg7 37. Re1 hxg3 38. Qxg3 Qf6 39. Re2 Nf5 40. Qd3 Qa1+
41. Kf2 Qh1 42. Qc3+ Kg8 43. Qh3 Qc1 44. Qg4 Kf7 45. Re1 Qc3 46. h4 Qd4+ 47. Ke2
Qb2+ 48. Kd3 Qd4+ 49. Ke2 Qe3+ 0-1

[Event "FIDE World Cup Women 2021"]
[Site "Krasnaya Polyana RUS"]
[Date "2021.07.13"]
[Round "1.2"]
[White "Ordaz Valdes, Lisandra Teresa"]
[Black "Mamedjarova, Turkan"]
[Result "1-0"]
[WhiteTitle "IM"]
[BlackTitle "WGM"]
[WhiteElo "2369"]
[BlackElo "2309"]
[WhiteFideId "3506940"]
[BlackFideId "13402005"]
[EventDate "2021.07.12"]
[EventType "k.o."]

1. d4 d5 2. c4 c5 3. cxd5 Qxd5 4. Nf3 cxd4 5. Nc3 Qa5 6. Nxd4 e5 7. Nb5 Bd7 8.
e4 Nf6 9. Bd2 Na6 10. Rc1 Bc6 11. Bc4 Be7 12. O-O O-O 13. Qe2 Qd8 14. Rfd1 Nd7
15. Qg4 Kh8 16. Be3 Bc5 17. Bxc5 Naxc5 18. Nd6 Qf6 19. b4 b5 20. Bxb5 Bxb5 21.
Ndxb5 1-0

[Event "FIDE World Cup Women 2021"]
[Site "Krasnaya Polyana RUS"]
[Date "2021.07.14"]
[Round "1.3"]
[White "Moaataz, Ayah"]
[Black "Ushenina, Anna"]
[Result "1/2-1/2"]
[WhiteTitle "WIM"]
[BlackTitle "GM"]
[WhiteElo "2015"]
[BlackElo "2429"]
[WhiteFideId "10615873"]
[BlackFideId "14110911"]
[EventDate "2021.07.12"]
[EventType "k.o."]

1. c4 e6 2. g3 d5 3. Bg2 dxc4 4. Nf3 a6 5. Qc2 b5 6. Ne5 Ra7 7. a4 Bb7 8. O-O
Bxg2 9. Kxg2 Qd5+ 10. Nf3 c6 11. Nc3 Qd7 12. d3 cxd3 13. exd3 Nf6 14. Be3 Rb7
15. Ne4 Qd5 16. axb5 axb5 17. Bf4 Be7 18. Be5 O-O 19. Rfc1 Rd8 20. Ra8 Nfd7 21.
Nc3 Qc5 22. d4 Qb6 23. Bf4 Ra7 24. Rxa7 Qxa7 25. Ne4 h6 26. Qd2 Bf8 27. h4 Qb6
28. Qc2 Rc8 29. Nd6 Rd8 30. Rh1 c5 31. dxc5 Qxc5 32. Qxc5 Nxc5 33. Nxb5 Nc6 34.
Rc1 Nb4 35. Be3 Nbd3 36. Rc3 Na4 37. Rc7 Naxb2 38. h5 Nd1 39. Ba7 N1b2 40. Nfd4
Na4 41. Nc6 Ra8 42. Be3 Nb4 43. Ne5 Rb8 44. Nd7 Rxb5 45. Rc8 Nd5 46. Rxf8+ Kh7
47. Rxf7 Nxe3+ 48. fxe3 Rxh5 49. Re7 Rb5 50. Rxe6 Nc5 51. Nxc5 Rxc5 52. g4 h5
53. gxh5 Rxh5 54. Kg3 Kg8 55. Re7 Kf8 56. Ra7 Re5 57. Kf4 Rb5 58. e4 g6 59. e5
Kg8 60. Kg5 Rxe5+ 61. Kxg6 Re6+ 1/2-1/2

[Event "FIDE World Cup Women 2021"]
[Site "Krasnaya Polyana RUS"]
[Date "2021.07.14"]
[Round "1.4"]
[White "Ushenina, Anna"]
[Black "Moaataz, Ayah"]
[Result "1-0"]
[WhiteTitle "GM"]
[BlackTitle "WIM"]
[WhiteElo "2429"]
[BlackElo "2015"]
[WhiteFideId "14110911"]
[BlackFideId "10615873"]
[EventDate "2021.07.12"]
[EventType "k.o."]

1. d4 d5 2. c4 c6 3. cxd5 cxd5 4. Bg5 Nc6 5. Nc3 Nf6 6. Bxf6 gxf6 7. e3 e6 8.
Bd3 f5 9. Nf3 Bd6 10. Rc1 Bd7 11. a3 Rc8 12. O-O O-O 13. g3 Kh8 14. Kh1 Rg8 15.
Be2 Qf6 16. b4 Qh6 17. Na4 Rce8 18. Nc5 Bc8 19. Bb5 Qh3 20. Nxb7 Bxb7 21. Bxc6
Bxc6 22. Rxc6 Bb8 23. Ng1 Qh6 24. Qe2 Qg6 25. Nf3 f4 26. exf4 Bxf4 27. Ne5 Bxe5
28. Qxe5+ f6 29. Qe3 e5 30. dxe5 Rxe5 31. Qd4 Rf8 32. Rfc1 Qe8 33. Kg2 Rf5 34.
Rc7 Qe2 35. Qxa7 Qf3+ 36. Kg1 Qh5 37. Rc8 Qh6 38. Qe7 1-0

[Event "FIDE World Cup Women 2021"]
[Site "Krasnaya Polyana RUS"]
[Date "2021.07.14"]
[Round "1.4"]
[White "Cyfka, Karina"]
[Black "Demchenko, Svitlana"]
[Result "1/2-1/2"]
[WhiteTitle "IM"]
[BlackTitle "WIM"]
[WhiteElo "2417"]
[BlackElo "2089"]
[WhiteFideId "1122681"]
[BlackFideId "14149893"]
[EventDate "2021.07.12"]
[EventType "k.o."]

1. d4 Nf6 2. c4 e6 3. Nf3 Bb4+ 4. Nbd2 b6 5. a3 Bxd2+ 6. Qxd2 Bb7 7. e3 Ne4 8.
Qc2 O-O 9. Be2 d6 10. O-O Nd7 11. b4 f5 12. Bb2 Ng5 13. Ne1 f4 14. exf4 Rxf4 15.
f3 Qe7 16. Rd1 e5 17. d5 h6 18. Nd3 Rf7 19. Nf2 Raf8 20. Bc1 Bc8 21. Kh1 Nf6 22.
Bd3 e4 23. fxe4 Nfxe4 24. Nxe4 Nxe4 25. Rxf7 Qxf7 26. Kg1 Qf2+ 27. Qxf2 Nxf2 28.
Rd2 Nxd3 29. Rxd3 Bg4 30. Re3 Bh5 31. h3 Bg6 32. Bb2 Rf4 33. Re7 Rf7 34. Re3 Rf4
35. Re7 Rf7 36. Re3 1/2-1/2

[Event "FIDE World Cup Women 2021"]
[Site "Krasnaya Polyana RUS"]
[Date "2021.07.15"]
[Round "2.1"]
[White "Tokhirjonova, Gulrukhbegim"]
[Black "Goryachkina, Aleksandra"]
[Result "0-1"]
[WhiteTitle "WGM"]
[BlackTitle "GM"]
[WhiteElo "2320"]
[BlackElo "2596"]
[WhiteFideId "14203626"]
[BlackFideId "4147103"]
[EventDate "2021.07.12"]
[EventType "k.o."]

1. e4 e5 2. Nf3 Nc6 3. Bc4 Bc5 4. c3 Nf6 5. d3 d6 6. a4 a5 7. O-O h6 8. Re1 O-O
9. h3 Be6 10. Nbd2 Ba7 11. Bb5 Nd7 12. Nf1 f5 13. exf5 Bxf5 14. Be3 Kh8 15. Ng3
Bxe3 16. Rxe3 Bh7 17. Bxc6 bxc6 18. d4 Qf6 19. Qe2 exd4 20. cxd4 Nb6 21. Rc3 Nd5
22. Rxc6 Nf4 23. Qd1 Rab8 24. Rxc7 Rxb2 25. Rc3 Bg8 26. Rb1 Rxb1 27. Qxb1 Bd5
28. Qb5 Qf7 29. Qb2 Nxg2 30. Kxg2 Bxf3+ 31. Kg1 h5 32. h4 Qf6 33. Qb3 Bg4 34.
Qc2 Qxd4 35. Rd3 Qf6 36. Qd2 Qxh4 37. Rxd6 Qe7 38. Rd4 Bf3 39. Rd7 Qf6 40. Rd6
Qa1+ 41. Nf1 Qxa4 42. Rg6 Qf4 43. Rg5 a4 44. Ra5 Qg4+ 45. Ng3 Qh3 0-1

[Event "FIDE World Cup Women 2021"]
[Site "Krasnaya Polyana RUS"]
[Date "2021.07.15"]
[Round "2.1"]
[White "Lagno, Kateryna"]
[Black "Injac, Teodora"]
[Result "1/2-1/2"]
[WhiteTitle "GM"]
[BlackTitle "WGM"]
[WhiteElo "2559"]
[BlackElo "2370"]
[WhiteFideId "14109336"]
[BlackFideId "932400"]
[EventDate "2021.07.12"]
[EventType "k.o."]

1. e4 e5 2. Nf3 Nc6 3. Bb5 Nf6 4. O-O Nxe4 5. d4 Nd6 6. dxe5 Nxb5 7. a4 Nbd4 8.
Nxd4 d5 9. c3 Be7 10. f4 O-O 11. Be3 f6 12. Nxc6 bxc6 13. Nd2 Bf5 14. Nb3 fxe5
15. fxe5 Qe8 16. Nc5 Qg6 17. Qe1 a5 18. b4 h5 19. Qg3 Qxg3 20. hxg3 g6 21. Rf2
Rfe8 22. Re2 Bg4 23. Ree1 Bf5 24. Re2 Bg4 25. Ree1 Bf5 26. Re2 1/2-1/2

[Event "FIDE World Cup Women 2021"]
[Site "Krasnaya Polyana RUS"]
[Date "2021.07.15"]
[Round "2.1"]
[White "Gaponenko, Inna"]
[Black "Muzychuk, Mariya"]
[Result "1/2-1/2"]
[WhiteTitle "IM"]
[BlackTitle "GM"]
[WhiteElo "2357"]
[BlackElo "2550"]
[WhiteFideId "14101181"]
[BlackFideId "14114550"]
[EventDate "2021.07.12"]
[EventType "k.o."]

1. e4 c5 2. Nf3 Nc6 3. d4 cxd4 4. Nxd4 Nf6 5. Nc3 e5 6. Ndb5 d6 7. Bg5 a6 8. Na3
b5 9. Nd5 Be7 10. Bxf6 Bxf6 11. c3 Ne7 12. Nc2 Nxd5 13. Qxd5 Rb8 14. Nb4 Bb7 15.
Qd3 O-O 16. Be2 Rc8 17. Rd1 Be7 18. Nd5 Bxd5 19. Qxd5 Qb6 20. O-O Rc5 21. Qb3
Qc6 22. Rd5 Rxd5 23. Qxd5 Qxd5 24. exd5 Rc8 25. f3 Bd8 26. g3 g6 27. Kg2 f5 28.
h4 Kg7 29. Kh3 Bb6 30. g4 Be3 31. Rd1 Kf6 32. a3 Bf4 33. Bd3 Rc5 34. Bf1 a5 35.
Be2 Be3 36. Kg3 b4 37. c4 b3 38. a4 Rc7 39. Kg2 Bd4 40. Rd3 Rxc4 41. Rxb3 Rc2
42. g5+ Ke7 43. Rb7+ Kd8 44. Kf1 Rc1+ 45. Kg2 Rg1+ 46. Kh3 Rh1+ 47. Kg2 Rxh4 48.
Ba6 Bc5 49. Rb8+ Kc7 50. Rb7+ Kd8 51. Rb8+ Kc7 52. Rb7+ 1/2-1/2

[Event "FIDE World Cup Women 2021"]
[Site "Krasnaya Polyana RUS"]
[Date "2021.07.15"]
[Round "2.1"]
[White "Yildiz Kadioglu, Betul Cemre"]
[Black "Tan, Zhongyi"]
[Result "1/2-1/2"]
[WhiteTitle "WGM"]
[BlackTitle "GM"]
[WhiteElo "2362"]
[BlackElo "2511"]
[WhiteFideId "6302920"]
[BlackFideId "8603642"]
[EventDate "2021.07.12"]
[EventType "k.o."]

1. d4 d5 2. c4 e6 3. Nc3 Nf6 4. cxd5 Nxd5 5. Nf3 c5 6. g3 cxd4 7. Nxd5 Qxd5 8.
Qxd4 Qxd4 9. Nxd4 Bb4+ 10. Bd2 Bxd2+ 11. Kxd2 Bd7 12. Bg2 Nc6 13. Nxc6 Bxc6 14.
Bxc6+ bxc6 15. Rhd1 O-O-O+ 16. Kc3 Kc7 17. b4 a5 18. bxa5 Ra8 19. Rd4 Rxa5 20.
Rad1 Rxa2 21. Rd7+ Kb6 22. Rb1+ Kc5 23. Rc1 Rha8 24. Kd3+ Kb6 25. Rb1+ Kc5 26.
Rc1+ Kb6 27. Rb1+ Kc5 28. Rc1+ Kb6 1/2-1/2

[Event "FIDE World Cup Women 2021"]
[Site "Krasnaya Polyana RUS"]
[Date "2021.07.15"]
[Round "2.1"]
[White "Stefanova, Antoaneta"]
[Black "Maltsevskaya, Aleksandra"]
[Result "1/2-1/2"]
[WhiteTitle "GM"]
[BlackTitle "WGM"]
[WhiteElo "2463"]
[BlackElo "2382"]
[WhiteFideId "2902257"]
[BlackFideId "24174041"]
[EventDate "2021.07.12"]
[EventType "k.o."]

1. e4 c5 2. Nf3 Nc6 3. Bb5 g6 4. O-O Bg7 5. c3 Nf6 6. Re1 O-O 7. h3 e5 8. d4
cxd4 9. cxd4 Nxd4 10. Nxd4 exd4 11. Qxd4 Ng4 12. Qd6 Be5 13. Qd2 Qh4 14. Re2 h6
15. Nc3 Bh2+ 16. Kf1 Kh7 17. Nd5 d6 18. Qc3 Be5 19. Qa3 f5 20. Bf4 Bxf4 21. Nxf4
Nh2+ 22. Kg1 Qxf4 23. exf5 Nf3+ 24. Qxf3 Qxf3 25. fxg6+ Kxg6 26. gxf3 Bxh3 27.
Rd1 Rad8 28. Bd3+ Kf6 29. Be4 Be6 30. Bd5 Rg8+ 31. Kh2 Bf7 32. Re4 Bxd5 33. Rxd5
Rg5 34. Rdd4 h5 35. Rf4+ Ke6 36. Rde4+ Kd7 37. Rf7+ Kc6 38. Rc4+ Kd5 39. Ra4 Ke6
40. Rxb7 Rdg8 41. Re4+ Kf6 42. Rf4+ Ke6 43. Re4+ Kf6 44. Rf4+ 1/2-1/2

[Event "FIDE World Cup Women 2021"]
[Site "Krasnaya Polyana RUS"]
[Date "2021.07.15"]
[Round "2.1"]
[White "Kulkarni, Bhakti"]
[Black "Pogonina, Natalija"]
[Result "1/2-1/2"]
[WhiteTitle "IM"]
[BlackTitle "WGM"]
[WhiteElo "2391"]
[BlackElo "2469"]
[WhiteFideId "5019516"]
[BlackFideId "4147855"]
[EventDate "2021.07.12"]
[EventType "k.o."]

1. d4 Nf6 2. c4 e6 3. g3 d5 4. Bg2 Bb4+ 5. Nd2 O-O 6. Nf3 b6 7. O-O Bb7 8. a3
Be7 9. cxd5 exd5 10. b4 a5 11. b5 c6 12. Qa4 cxb5 13. Qxb5 Ba6 14. Qb2 Nc6 15.
Re1 b5 16. Ne5 Rc8 17. Ndf3 Nxe5 18. dxe5 Ne4 19. Nd4 b4 20. Nf5 Bc4 21. Be3
bxa3 22. Nxe7+ Qxe7 23. Rxa3 Rb8 24. Qa1 Rb5 25. Bxe4 dxe4 26. Rxa5 Rxa5 27.
Qxa5 Qd7 28. Qb4 Qd5 29. Bg5 h6 30. Rc1 Bb5 31. Rb1 Bc6 32. Be7 e3 33. f3 Rc8
34. Qd6 Qa2 35. Qd3 Bxf3 36. exf3 Qf2+ 37. Kh1 Qxf3+ 38. Kg1 Qf2+ 39. Kh1 Qf3+
40. Kg1 Qf2+ 1/2-1/2

[Event "FIDE World Cup Women 2021"]
[Site "Krasnaya Polyana RUS"]
[Date "2021.07.15"]
[Round "2.1"]
[White "Galliamova, Alisa"]
[Black "Hoang, Thanh Trang"]
[Result "1-0"]
[WhiteTitle "IM"]
[BlackTitle "GM"]
[WhiteElo "2442"]
[BlackElo "2404"]
[WhiteFideId "4129725"]
[BlackFideId "12400149"]
[EventDate "2021.07.12"]
[EventType "k.o."]

1. d4 e6 2. Bf4 f5 3. e3 Nf6 4. Be2 Be7 5. c4 b6 6. Nh3 Bb7 7. O-O O-O 8. Nc3
Ne4 9. Nxe4 fxe4 10. f3 exf3 11. Bxf3 Bxf3 12. Qxf3 Nc6 13. d5 exd5 14. Qxd5+
Kh8 15. Rad1 Bf6 16. b3 Nb4 17. Qxd7 Qxd7 18. Rxd7 c5 19. a3 Nc6 20. Bg5 Bb2 21.
a4 h6 22. Bh4 Rxf1+ 23. Kxf1 Ne5 24. Rb7 Ng4 25. Ke2 g5 26. Bg3 Re8 27. Rb8 Rxb8
28. Bxb8 Be5 29. Bxa7 Bc7 30. Nf2 Nxh2 31. Ne4 Ng4 32. Nc3 Nf6 33. Nd5 Nxd5 34.
cxd5 Kg7 35. d6 Bd8 36. Bb8 Kf7 37. Bc7 Ke8 38. Bxd8 Kxd8 39. e4 Kd7 40. e5 h5
41. Kf3 Ke6 1-0

[Event "FIDE World Cup Women 2021"]
[Site "Krasnaya Polyana RUS"]
[Date "2021.07.16"]
[Round "2.2"]
[White "Goryachkina, Aleksandra"]
[Black "Tokhirjonova, Gulrukhbegim"]
[Result "1-0"]
[WhiteTitle "GM"]
[BlackTitle "WGM"]
[WhiteElo "2596"]
[BlackElo "2320"]
[WhiteFideId "4147103"]
[BlackFideId "14203626"]
[EventDate "2021.07.12"]
[EventType "k.o."]

1. d4 Nc6 2. Nf3 d5 3. Bf4 Bf5 4. e3 Nb4 5. Na3 e6 6. Be2 Be7 7. c3 Nc6 8. Qa4
Bxa3 9. Qxa3 Nge7 10. O-O O-O 11. b4 Ng6 12. Bg3 a6 13. Qb2 Qe7 14. a3 Rfd8 15.
c4 h5 16. h3 h4 17. Bh2 dxc4 18. Bxc4 Na7 19. Rac1 Nc8 20. Rfe1 Nd6 21. Bf1 Be4
22. Nd2 Bc6 23. Nc4 f5 24. Bxd6 cxd6 25. Nb6 Rab8 26. a4 Be8 27. Rc3 d5 28. Rec1
e5 29. Rc5 Bf7 30. dxe5 Nxe5 31. a5 Qf6 32. Qd4 Qe6 33. Qxh4 g6 34. Rc7 Re8 35.
b5 axb5 36. Bxb5 Red8 37. Rxb7 Kg7 38. Rxb8 Rxb8 39. Qd4 Kg8 40. f4 Nc4 41. Nxc4
Rxb5 42. Ne5 Be8 43. Rc7 Qd6 44. Qa7 Kf8 45. Rh7 Qf6 46. Rf7+ Bxf7 47. Nd7+ Kg7
48. Nxf6 Rb1+ 49. Kh2 Kxf6 50. a6 Be8 51. Qd4+ Ke7 52. Qe5+ Kd8 53. a7 1-0

[Event "FIDE World Cup Women 2021"]
[Site "Krasnaya Polyana RUS"]
[Date "2021.07.16"]
[Round "2.2"]
[White "Injac, Teodora"]
[Black "Lagno, Kateryna"]
[Result "0-1"]
[WhiteTitle "WGM"]
[BlackTitle "GM"]
[WhiteElo "2370"]
[BlackElo "2559"]
[WhiteFideId "932400"]
[BlackFideId "14109336"]
[EventDate "2021.07.12"]
[EventType "k.o."]

1. Nf3 Nf6 2. c4 g6 3. Nc3 Bg7 4. e4 d6 5. d4 O-O 6. Be2 e5 7. O-O Nc6 8. d5 Ne7
9. Bg5 Nh5 10. Re1 a5 11. Rc1 b6 12. a3 h6 13. Bd2 f5 14. exf5 Nxf5 15. Bd3 Qe7
16. a4 Qf7 17. Ne4 Nf4 18. Bxf4 exf4 19. Nc3 Bxc3 20. Rxc3 Bd7 21. b3 Rae8 22.
Rc2 Qf6 23. h3 Rxe1+ 24. Qxe1 Re8 25. Re2 Rxe2 26. Qxe2 Kf7 27. Qd2 Nh4 28. Nxh4
Qxh4 29. Be4 Qf6 30. Qd3 Kg7 31. Kf1 Be8 32. Kg1 Qe5 33. Qf3 Bd7 34. Qd3 Qf6 35.
Qf3 h5 36. Kh2 Qe5 37. Bc2 Qd4 38. Kg1 Kh6 39. Kh2 Qe5 40. Kg1 Kg7 41. Kh2 Be8
42. Kg1 Bf7 43. Kh2 g5 44. Kg1 Kf8 45. Kf1 Ke7 46. Qe4 Qxe4 47. Bxe4 Kf6 48. Ke2
Ke5 49. Kd3 Be8 50. f3 Bd7 51. Bg6 g4 52. h4 g3 53. Ke2 Kf6 54. Be4 Be8 55. Kd3
Ke5 56. Bh7 c6 57. Be4 cxd5 58. Bxd5 Bg6+ 59. Kd2 Kd4 60. Be6 Be8 61. Bd5 Ke5
62. Kd3 Bg6+ 63. Kd2 Kf6 64. Bc6 Bf5 65. Be8 Bh3 66. Bxh5 Bxg2 67. Ke2 Bh3 68.
Bg4 Bxg4 69. fxg4 g2 70. Kf2 f3 71. Kg1 Ke5 72. Kf2 Kf4 73. g5 Kf5 74. Kg1 Kg4
75. Kh2 Kh5 76. Kg1 0-1

[Event "FIDE World Cup Women 2021"]
[Site "Krasnaya Polyana RUS"]
[Date "2021.07.16"]
[Round "2.2"]
[White "Muzychuk, Mariya"]
[Black "Gaponenko, Inna"]
[Result "1-0"]
[WhiteTitle "GM"]
[BlackTitle "IM"]
[WhiteElo "2550"]
[BlackElo "2357"]
[WhiteFideId "14114550"]
[BlackFideId "14101181"]
[EventDate "2021.07.12"]
[EventType "k.o."]

1. c4 e6 2. Nc3 d5 3. d4 c6 4. e3 Nf6 5. Nf3 Nbd7 6. Bd3 dxc4 7. Bxc4 b5 8. Bd3
b4 9. Na4 c5 10. O-O Bb7 11. dxc5 Bxc5 12. Nxc5 Nxc5 13. Bb5+ Ke7 14. Qe2 Qb6
15. b3 Nce4 16. Bb2 Nd5 17. Bc4 Ndc3 18. Qc2 Rad8 19. a3 a5 20. axb4 axb4 21.
Nd4 e5 22. Bxc3 Nxc3 23. Ne2 Nxe2+ 24. Qxe2 Ra8 25. Qh5 Qf6 26. Rxa8 Rxa8 27.
Qxh7 g6 28. Qh3 Ra2 29. Qg4 Rd2 30. Bd5 Qb6 31. Qh4+ Kd6 32. Qf6+ Kc5 33. Rc1+ 1-0

[Event "FIDE World Cup Women 2021"]
[Site "Krasnaya Polyana RUS"]
[Date "2021.07.16"]
[Round "2.2"]
[White "Dzagnidze, Nana"]
[Black "Peng, Zhaoqin"]
[Result "1-0"]
[WhiteTitle "GM"]
[BlackTitle "GM"]
[WhiteElo "2523"]
[BlackElo "2358"]
[WhiteFideId "13601903"]
[BlackFideId "1004786"]
[EventDate "2021.07.12"]
[EventType "k.o."]

1. d4 d5 2. c4 dxc4 3. Nf3 a6 4. e3 Bg4 5. Bxc4 e6 6. h3 Bh5 7. O-O Nc6 8. b3
Nf6 9. Bb2 Bd6 10. Nbd2 O-O 11. a3 Qe8 12. Be2 Rd8 13. b4 e5 14. Nxe5 Bxe2 15.
Qxe2 Nxe5 16. dxe5 Bxe5 17. Bxe5 Qxe5 18. Nf3 Qh5 19. Rfd1 c6 20. Rxd8 Rxd8 21.
Rd1 Rd5 22. Rxd5 Qxd5 23. Nd4 g6 24. Qc2 Ne4 25. Ne2 Nd6 26. Nc3 Qe5 27. Qd3 b5
28. a4 f5 29. axb5 axb5 30. Ne2 Kf7 31. Nd4 Qd5 32. Qa3 Nc8 33. Qa8 Ne7 34. Qh8
h5 35. h4 Qe4 36. Nf3 Qb1+ 37. Kh2 Ke6 38. Qd8 Qxb4 39. Ng5+ Kf6 40. Qh8# 1-0

[Event "FIDE World Cup Women 2021"]
[Site "Krasnaya Polyana RUS"]
[Date "2021.07.16"]
[Round "2.2"]
[White "Batsiashvili, Nino"]
[Black "Tsolakidou, Stavroula"]
[Result "1-0"]
[WhiteTitle "GM"]
[BlackTitle "IM"]
[WhiteElo "2487"]
[BlackElo "2389"]
[WhiteFideId "13602993"]
[BlackFideId "4264312"]
[EventDate "2021.07.12"]
[EventType "k.o."]

1. c4 Nf6 2. Nc3 c6 3. d4 d5 4. e3 e6 5. b3 Bb4 6. Bb2 Ne4 7. Qc2 e5 8. a3 Bxc3+
9. Bxc3 Nxc3 10. Qxc3 exd4 11. Qxd4 O-O 12. cxd5 cxd5 13. Nf3 Nc6 14. Qb2 Bg4
15. Be2 Qb6 16. O-O Rad8 17. Rad1 Rfe8 18. b4 h6 19. Rd2 Ne7 20. Rfd1 Rc8 21.
Nd4 Bd7 22. b5 Qc5 23. Qb4 Qxb4 24. axb4 Rc3 25. Ra1 Nc8 26. h3 Kf8 27. Bf3 Re5
28. Ne2 Rc7 29. Nd4 Rc4 30. Rb2 g6 31. Be2 Rc7 32. Rd2 Re4 33. g4 Rc3 34. Bf1
Rc7 35. Bd3 Re7 36. Be2 Re4 37. Bf1 Re5 38. Kh2 Kg7 39. Kg3 Kf8 40. Kh2 Kg7 41.
Rdd1 Be8 42. Rdc1 Ree7 43. Rc5 Rxc5 44. bxc5 Rc7 45. Nb3 Bd7 46. Kg3 Kf6 47. h4
Be6 48. Rc1 Bd7 49. Bd3 Ne7 50. Ra1 Nc8 51. f4 Be6 52. Rc1 Bd7 53. Rc2 Ne7 54.
Ra2 Nc8 55. Rh2 a6 56. b6 Nxb6 57. cxb6 Rc3 58. Rb2 Rxd3 59. Nc5 Rxe3+ 60. Kf2
Re7 61. Nxb7 Bc6 62. Nc5 Bb7 63. Re2 Rxe2+ 64. Kxe2 Bc8 65. Ke3 h5 66. gxh5 gxh5
67. Kd4 a5 68. Kxd5 Ke7 69. b7 Bxb7+ 70. Nxb7 a4 71. Nc5 a3 72. Ke5 a2 73. Nb3
f6+ 74. Kd5 Kd7 75. f5 Ke7 1-0

[Event "FIDE World Cup Women 2021"]
[Site "Krasnaya Polyana RUS"]
[Date "2021.07.16"]
[Round "2.2"]
[White "Hoang, Thanh Trang"]
[Black "Galliamova, Alisa"]
[Result "1/2-1/2"]
[WhiteTitle "GM"]
[BlackTitle "IM"]
[WhiteElo "2404"]
[BlackElo "2442"]
[WhiteFideId "12400149"]
[BlackFideId "4129725"]
[EventDate "2021.07.12"]
[EventType "k.o."]

1. d4 d5 2. Nf3 Nf6 3. e3 Bf5 4. Bd3 Bxd3 5. Qxd3 Nbd7 6. O-O e6 7. Nbd2 Be7 8.
e4 dxe4 9. Nxe4 c5 10. Rd1 O-O 11. Nxf6+ Nxf6 12. Be3 Qc7 13. dxc5 Bxc5 14. Bxc5
Qxc5 15. Rd2 Qb6 16. Qd4 Qxd4 17. Rxd4 Rfd8 18. Rad1 Rxd4 19. Rxd4 Rc8 20. Kf1
Kf8 21. c4 Ke7 22. Ne5 Rc5 23. f4 Ra5 24. a3 Ke8 25. Ke2 Ng8 26. Rd3 Rc5 27. b4
Rc7 28. c5 Ne7 29. Nc4 Nd5 30. g3 Ke7 31. Nd6 a6 32. Nc4 Rc6 33. f5 b6 34. fxe6
Kxe6 35. cxb6 Nxb6 36. Nxb6 Rxb6 37. Kd2 f5 38. Re3+ Kf6 39. Rc3 g5 40. Rc5 Rd6+
41. Ke3 Re6+ 42. Kf3 g4+ 43. Kf2 Kg5 44. Rc7 h5 45. Rg7+ Kf6 46. Rh7 Kg5 47.
Rg7+ Kf6 48. Rh7 1/2-1/2

[Event "FIDE World Cup Women 2021"]
[Site "Krasnaya Polyana RUS"]
[Date "2021.07.16"]
[Round "2.2"]
[White "Atalik, Ekaterina"]
[Black "Guichard, Pauline"]
[Result "1/2-1/2"]
[WhiteTitle "IM"]
[BlackTitle "IM"]
[WhiteElo "2433"]
[BlackElo "2413"]
[WhiteFideId "4130189"]
[BlackFideId "639370"]
[EventDate "2021.07.12"]
[EventType "k.o."]

1. d4 Nf6 2. c4 e6 3. Nc3 Bb4 4. f3 c5 5. a3 Bxc3+ 6. bxc3 Nc6 7. d5 Ne5 8. e4
Qa5 9. Bd2 b5 10. cxb5 c4 11. dxe6 dxe6 12. a4 O-O 13. Nh3 a6 14. bxa6 Bxa6 15.
Be2 Bb5 16. O-O Bxa4 17. Qc1 Rfd8 18. Nf2 Qb5 19. Be3 Bb3 20. Ra3 Nc6 21. Qa1
Qb7 22. f4 Ne7 23. Bf3 Bc2 24. Ra7 Rxa7 25. Qxa7 Qxa7 26. Bxa7 Nc6 27. Be3 e5
28. Ra1 exf4 29. Bxf4 Nd7 30. Ng4 f6 31. Ne3 Bd3 32. Ra6 Nce5 33. Ra5 Ng6 34.
Bg3 Nde5 35. Nd5 Rb8 36. Ra7 Nxf3+ 37. gxf3 Rb1+ 38. Kf2 h5 39. Bd6 Rb2+ 40. Ke3
Nh4 41. Nf4 Ng2+ 42. Nxg2 Rxg2 43. Ra5 Re2+ 44. Kd4 Rf2 45. Ra8+ Kh7 46. Ra7 Kg8
47. e5 fxe5+ 48. Bxe5 Rxf3 49. Rxg7+ Kf8 50. Rc7 Rf7 51. Rc8+ Ke7 52. Kd5 Be2
53. Rh8 Kd7 54. Rh6 Ke7 55. Bd4 Rf5+ 56. Be5 Rf7 57. Kc6 Bf3+ 58. Kc7 Rf5 59.
Bd6+ Kf7 60. Rh8 Ke6 61. Re8+ Kd5 62. Re7 h4 63. Bb4 Rh5 64. Rd7+ Ke6 65. Rd6+
Ke5 66. Rd7 Be4 67. Bd6+ Ke6 68. Bf8 Rh7 69. Bg7 Kf5 70. Kd8 Kg6 71. Rd4 Kf5 72.
Bf8 Bd3 73. Bd6 Ke6 74. Bf4 Kf5 75. Be3 Ke6 76. h3 Kf5 77. Ke8 Kf6 78. Rf4+ Bf5
79. Bd4+ Kg5 80. Rf3 Bg6+ 81. Kf8 Bf5 82. Bg7 Kg6 83. Rf1 Bxh3 84. Rg1+ Kf5 85.
Kg8 Rh5 86. Kf7 Rg5 87. Rh1 1/2-1/2

[Event "FIDE World Cup Women 2021"]
[Site "Krasnaya Polyana RUS"]
[Date "2021.07.17"]
[Round "2.4"]
[White "Cramling, Pia"]
[Black "Socko, Monika"]
[Result "1/2-1/2"]
[WhiteTitle "GM"]
[BlackTitle "GM"]
[WhiteElo "2459"]
[BlackElo "2393"]
[WhiteFideId "1700030"]
[BlackFideId "1106619"]
[EventDate "2021.07.12"]
[EventType "k.o."]

1. d4 Nf6 2. c4 e6 3. Nf3 b6 4. a3 Ba6 5. Qc2 Bb7 6. Nc3 c5 7. e4 cxd4 8. Nxd4
Bc5 9. Nb3 Nc6 10. Bd3 O-O 11. Bf4 e5 12. Bd2 d6 13. O-O h6 14. Qd1 Nd4 15. Nxd4
Bxd4 16. Re1 Qd7 17. h3 Rac8 18. Rb1 Ba6 19. Qe2 Qe6 20. b3 Bxc3 21. Bxc3 Nd7
22. Qc2 Rfd8 23. Rbd1 Nc5 24. Be2 Qg6 25. Bg4 Rb8 26. Bf5 Qg5 27. Re3 Bc8 28.
Rg3 Qf6 29. f4 Bxf5 30. exf5 Qe7 31. b4 Nd7 32. Rgd3 exf4 33. Rxd6 Nf8 34. Rxd8
Rxd8 35. Rxd8 Qxd8 36. Qe4 Qd1+ 37. Kh2 Qc1 38. Be5 Qxa3 39. Bd6 Qg3+ 40. Kh1
Qe3 41. Qxf4 Qxf4 42. Bxf4 Nd7 43. g4 Kf8 44. Kg2 Ke7 45. Kf3 a5 46. bxa5 bxa5
47. Ke4 a4 48. Bc1 Kd6 49. Kd4 Kc6 50. Ba3 g6 51. Bc1 h5 52. gxh5 gxh5 53. Ba3
Nf6 54. Ke5 Nd7+ 55. Kd4 Nf6 56. Ke5 Nd7+ 1/2-1/2